01263nam a2200313 a 4500001001200000003000800012006001900020007001500039008004100054010001700095020002600112020002700138040002100165035002100186050002400207082001600231100002000247245014300267260005300410300002500463504005100488533015200539650004200691650002700733655002900760710001700789856012600806999001700932ebr10653563CaPaEBRm u cr cn|||||||||121127s2013 njua sb 001 0 eng d z 2012041642 z9781118350003 (cloth) z9781118420348 (e-book) aCaPaEBRcCaPaEBR a(OCoLC)82055343314aR855.3b.F37 2013eb04a610.2852231 aFasano, Philip.10aTransforming health careh[electronic resource] :bthe financial impact of technology, electronic tools, and data mining /cPhilip Fasano. aHoboken, N.J. :bJohn Wiley & Sons, Inc.,c2013. axxiv, 209 p. :bill. aIncludes bibliographical references and index. aElectronic reproduction.bPalo Alto, Calif. :cebrary,d2013.nAvailable via World Wide Web.nAccess may be limited to ebrary affiliated libraries. 0aMedical technologyxEconomic aspects. 0aMedical care, Cost of. 7aElectronic books.2local2 aebrary, Inc.40uhttp://site.ebrary.com/lib/rucke/Doc?id=10653563zAn electronic book accessible through the World Wide Web; click to view c74874d74874